000 01023nam a2200265 i 4500
001 168045
003 ES-MaACL
005 20230906213650.0
008 041104s1888 gw |||| | spa d
040 _aCAM
_bspa
_cCAM
100 1 _aYangues, Manuel de
_c(O.F.M.)
_9133982
245 1 0 _aPrincipios y reglas de la lengua cummanagota /
_ccompuestos por Fr. Manuel de Yangues, con un diccionario ; publicados de nuevo por Julio Platzmann.
250 _aEd. facs.
260 _aLeipzig :
_bB. G. Teubner,
_c1888.
300 _a[6], 220 p. ;
_c22 cm.
490 1 _aAlgunas obras raras sobre la lengua cumanagota ;
_v2
650 4 _aLengua cumanagota.
_9162858
650 4 _aIndios de Venezuela-
_xLenguas.
_9162816
655 7 _2tgfbne
_9226495
_aFacsĂ­miles
700 1 _aPlatzmann, Julius.
_9131215
830 0 _aAlgunas obras raras sobre la lengua cumanagota ;
_v2
_9188587
852 _aES-MaACL
_jG-1707
_z- Enc. hol. con puntas, conservando la cub. original
942 _2udc
999 _c168045
_d168045